000 02052nam0a2200445 4500
001 RU\NLR\bibl\129457
005 20260408190155.0
010 _a5-93629-001-8
_9300
021 _aRU
_b2000-28821
_91363
035 _a(NLR Aleph) 000126832
090 _a723533
_c723533
100 _a20001012d1999 k y0rusy50 ca
101 0 _arus
102 _aRU
105 _aa |||||||||
200 1 _aКомпьютерная томография рака легких и заболеваний органов дыхания
_eАтлас
_fС.А. Величко, Б.Н. Зырянов, И.Г. Фролова
210 _aТомск
_cSTT
_d1999
215 _a133,[2] с.
_cил.
_d30
320 _aБиблиогр.: с. 132-133
320 _aПредм. указ.: с. 135
606 1 _aЛегкие
_jАтласы
_xБолезни
_xКомпьютерная томография
_91373858
_3RU\NLR\auth\66575867
606 _aРак (онкол.) легких
_xКомпьютерная томография
_jАтласы
_3RU\NLR\auth\661230323
_92051079
610 0 _aРак легких - Диагностика рентгенологическая
610 0 _aДыхательные органы - Болезни - Диагностика рентгенологическая
610 0 _aТомография - Математические методы
675 _a616.24-006.6-073.456.8:004(084.42)
_v3
_zrus
686 _a76.29
_2rugasnti
686 _a54.12я6
_2rubbk
686 _aР569.423Рак-433.9я61
686 _aР412.3-433.9я61
700 1 _aВеличко
_bС. А.
_gСветлана Андреевна
_4070
701 1 _aЗырянов
_bБ. Н.
_gБорис Николаевич
_4070
701 1 _4070
_8rus
_7ca
_aФролова
_bИ. Г.
_cд-р мед. наук
_gИрина Георгиевна
_3RU\NLR\auth\7787372
_970300
801 0 _aRU
_bRKP
_c20001012
_gPSBO
801 1 _aRU
_bRKP
_c20001012
801 2 _aRU
_bNLR
_c20110131
_grcr
852 _aNLR
_j2000-8/2461
942 _cBOOK
980 _aNB